| 000 | 00644nam a22001937a 4500 | ||
|---|---|---|---|
| 999 |
_c169993 _d169993 |
||
| 005 | 20191209173352.0 | ||
| 010 | _aB-30166 | ||
| 020 |
_c50.00 _a- |
||
| 035 | _aB-30166 | ||
| 037 | _bBPPD | ||
| 082 | _a581 | ||
| 100 | _aمحمد عبد الطيف | ||
| 245 |
_aنبا تيات بر ا ے ا نٹر ميڈ يٹ(سا ل ا و ل ) _cمحمد عبد الطيف |
||
| 246 |
_aNabatiat Baraye Intermediate (Pehla Sal)(Urdu) _bby Mohd. Abdul Lateef |
||
| 260 |
_aHyderabad _c1989 ء _bUrdu Acedemy |
||
| 270 |
_a637-4-1 Ac Gard, _bHyderabad _k3315547 _e- |
||
| 300 |
_a496 ص _c22 cm(hb) |
||
| 942 |
_2ddc _cUR _h581 _mم ح م |
||